Central Library OPAC University of Rajshahi

مفتاح العلوم والفنون ;; Miftah Al-Uloom al funun / (Record no. 86383)

MARC details
000 -LEADER
fixed length control field 00595nam a22001457a 4500
001 - CONTROL NUMBER
IBSc Control Number 86383
003 - CONTROL NUMBER IDENTIFIER
rucl marc code BD-RjUL
005 - DATE AND TIME OF LATEST TRANSACTION
control field 20260422103511.0
008 - FIXED-LENGTH DATA ELEMENTS--GENERAL INFORMATION
fixed length control field 260422b |||||||| |||| 00| 0 eng d
035 ## - SYSTEM CONTROL NUMBER
system control number 86383
100 ## - MAIN ENTRY--PERSONAL NAME
Personal name جلال ابادی، جلال الدین ;; Jalalabadi, Jalaluddin
Fuller form of name جلال الدین جلال ابادی ;; Jalaluddin Jalalabadi,
9 (RLIN) 18181
245 ## - TITLE STATEMENT
Title مفتاح العلوم والفنون ;; Miftah Al-Uloom al funun /
Statement of responsibility, etc جلال الدین جلال الدین جلال ابادی ;; Jalaluddin Jalaluddin Jalalabadi
300 ## - PHYSICAL DESCRIPTION
Pagination 160 p.;
Dimensions 17 cm
942 ## - ADDED ENTRY ELEMENTS (KOHA)
Source of classification or shelving scheme Dewey Decimal Classification
Koha item type Books
Holdings
Source of classification or shelving scheme Damaged status Not for loan Collection code Permanent Location Current Location Shelving location Date of accession Total Checkouts Full call number Barcode Date last seen Copy number Koha item type
Dewey Decimal Classification   Added to bundle Non-fiction Central Library, University of Rajshahi Central Library, University of Rajshahi Reading Room 22/04/2026   U 492.75 JAM 1952 A91351 22/04/2026 C-1 Books